Report promotes farm diversification (Record no. 71899)

MARC details
000 -LEADER
fixed length control field 01057cam a2200205 4500
001 - CONTROL NUMBER
control field WB3901-36
008 - FIXED-LENGTH DATA ELEMENTS--GENERAL INFORMATION
fixed length control field 030108n2003 000 0 eng u
035 ## - SYSTEM CONTROL NUMBER
System control number (Sirsi) u120950
245 ## - TITLE STATEMENT
Title Report promotes farm diversification
260 ## - PUBLICATION, DISTRIBUTION, ETC.
Date of publication, distribution, etc. 2003
490 ## - SERIES STATEMENT
Series statement Planning (for the Natural and Built Environment)
Volume/sequential designation (1500) 3 January 2003, 4(1)
490 ## - SERIES STATEMENT
Series statement DEFRA News Release
Volume/sequential designation (513/02) 12 December 2002, (3)
520 ## - SUMMARY, ETC.
Summary, etc. DEFRA's "Strategy for sustainable farming and food" outlines how farming can become more responsive to consumer demand and less dependent on subsidies. The strategy builds on the work of the Curry Commission and encourages farmers to diversify and practice sustainable farming. The strategy is backed by £500m of government funding. "Strategy for sustainable farming and food" available at www.defra.gov.uk/farm/sustain/default.htm www.defra.gov.uk/news/2002/021212c.htm
590 ## - LOCAL NOTE (RLIN)
Local note WB
650 ## - SUBJECT ADDED ENTRY--TOPICAL TERM
Topical term or geographic name entry element SUSTAINABLE FARMING
650 ## - SUBJECT ADDED ENTRY--TOPICAL TERM
Topical term or geographic name entry element CURRY REPORT
650 ## - SUBJECT ADDED ENTRY--TOPICAL TERM
Topical term or geographic name entry element FARM DIVERSIFICATION
690 ## - LOCAL SUBJECT ADDED ENTRY--TOPICAL TERM (OCLC, RLIN)
Topical term or geographic name as entry element Rural
9 (RLIN) 6268
942 ## - ADDED ENTRY ELEMENTS (KOHA)
Suppress in OPAC 0
Holdings
Withdrawn status Lost status Source of classification or shelving scheme Damaged status Not for loan Home library Current library Shelving location Date acquired Total Checkouts Full call number Barcode Date last seen Copy number Price effective from Koha item type
    Dewey Decimal Classification     London London News article 08/01/2003   WB3901-36 120950-1001 06/08/2019 1 06/08/2019 News article